=LDR 00000nam 2200000 4500 =001 001221 =005 20250712092244 =035 ##$$a 0010-0725000735 =007 ta =008 250712################a##########0#ind## =020 ##$$a 978-6231472-535-3 =082 ##$$a 398.209 598 =084 ##$$a 398.209 598 PAR h =100 #$$a Parsley will =245 1#$$a Happy dan cerita si merak /$c Will Parsley =250 ##$$a Pertama =260 ##$$a Jakarta :$b Badan pengembangan dan pembinaan bahasa,$c 2022 =300 ##$$a 16 HLM. : $b ilus. ; $c 22,9 =650 #4$$a Cerita anak Indonesia terjemahan =650 #4$$a Literasi bahan bacaan